000 00776-am-a2200229-a-4500
001 000027959
003 AM-YEHGA
005 20250618070915.0
008 001205s1960 xxuai 0 0 arm u arm
020 _c80.00
040 _aAM-YeHGA
041 0 _aarm
100 1 _aՍաֆյան, Պ.Ս
245 1 0 _aՆրանք աշխատում են կոմունիստաբար /
_cՊ.Ս. Սաֆյան, Ա. Վարդանյան ; Խմբ.՝ Վ. Հարությունյան.
260 0 _aԵր. :
_bՀայպետհրատ,
_c1960.
300 _a78 էջ
650 1 4 _aԱշխատանքի իրավունք
700 1 _aՎարդանյան, Աղասի Հարությունի,
_d1891-1968
_92798
700 1 _aՀարությունյան, Վ.
_eԽմբ.
_4edt
942 _2udc
_cBK
090 _c12280
999 _c12184
_d12184